Diccionario linguístico-etnográfico de la lengua mapuche: mapudungun-español-english

Tallennettuna:
Bibliografiset tiedot
Päätekijä: Catrileo, María (Tekijä)
Aineistotyyppi: Kirja
Kieli:araukaani
espanja
englanti
Julkaistu: Santiago Andrés Bello 1996
Painos:2a. ed
Aiheet:
Tagit: Lisää tagi
Ei tageja, Lisää ensimmäinen tagi!

MARC

LEADER 00000nam a2200000 a 4500
001 UCT5329
003 CL-VaPUC
008 961206e19960000CL |||||||||||||||||arn|d
041 0 7 |a arn  |2 CL-VaPUC 
041 0 7 |a spa  |2 CL-VaPUC 
041 0 7 |a eng  |2 CL-VaPUC 
082 0 4 |a 498  |b CAT  |2 21 
100 0 |a Catrileo, María  |e author  |9 374735 
245 1 0 |a Diccionario linguístico-etnográfico de la lengua mapuche: mapudungun-español-english 
250 |a 2a. ed 
300 |a 279 p 
942 |c BK 
945 |d 19961206 00:00:00  |a nastorga 
260 |a Santiago  |b Andrés Bello  |c 1996 
650 0 |a Diccionarios  |9 256200 
650 0 |a Araucano  |9 311869 
650 0 |a Español  |9 255372 
650 0 |a Inglés  |9 260023 
650 0 |a Etnografía   |9 309735 
650 0 |a Lingüística  |9 265068 
651 7 |a CHILE  |2 CL-VaPUC  |9 374736 
583 |a last modification  |c 19961206 00:00:00  |k Rodrigo Vera 
999 |c 254280  |d 254278 
952 |0 0  |1 0  |4 0  |6 498_000000000000000_CAT_1996  |7 0  |8 F  |9 275804  |a BIBARQ  |b BIBARQ  |d 2019-11-19  |i 3256790  |l 1  |o 498 CAT 1996  |p 3256790  |r 2025-01-20  |s 2022-12-15  |w 2019-11-19  |y BK_F  |k ARQ